Guess the movie with emoji 🎬 #1 - Statistics

General Stats
  • This quiz has been taken 58 times
  • The average score is 6 of 20
Answer Stats
Emojis Answer % Correct
πŸΊπŸ’ΈπŸ“ˆ The wolf of Wall Street
67%
🧼πŸ₯ŠπŸ€« Fight club
59%
πŸƒβ€β™‚οΈπŸ‘ŸπŸ“ Forrest gump
59%
πŸ’»πŸ”΅πŸ”΄ Matrix
46%
πŸš•πŸ”«πŸ’‡β€β™‚οΈ Taxi driver
41%
πŸ€ πŸŠβš™οΈ Clockwork orange
33%
πŸ“Ίβ›΅πŸŽ₯ The truman show
30%
πŸ₯πŸ˜«πŸŽΌ Whiplash
30%
🎧πŸͺ“πŸ₯Ό American psycho
28%
πŸ§ πŸ’­πŸ’€ Inception
28%
πŸ’ΌπŸ”πŸ’‰ Pulp fiction
26%
πŸ‘©πŸ—‘οΈπŸοΈ Kill Bill
24%
πŸ‡¨πŸ‡ΊπŸŒπŸ€‘ Scarface
17%
πŸ‘©β€β€οΈβ€πŸ‘¨πŸ”«πŸ¦ Bonnie and Clyde
15%
πŸŽ°πŸš¬πŸ”« Casino
13%
πŸ¦‡πŸ’°πŸƒ The dark night
13%
πŸ†πŸ›οΈπŸ’΅ Pretty woman
11%
πŸ•΅οΈπŸοΈπŸ₯ Shutter island
9%
πŸ©πŸ°πŸ›Ž The Grand budapest hotel
9%
🀠🐎🌾 Django unchained
4%
No matching quizzes found
Score Distribution
Percent of People with Each Score
Percentile by Number Answered
Your Score History
You have not taken this quiz